Zwycięzcy Premier League (1990-2024) - Statystyki

Ogólne statystyki
  • Ten quiz został rozwiązany 7 378 razy
    1 040 od ostatniego zresetowania
  • Średni wynik to 31 z 32
Statystyki odpowiedzi
Rok Klub % Poprawnych
2024 Manchester City
99%
2023 Manchester City
99%
2022 Manchester City
99%
2021 Manchester City
99%
2019 Manchester City
99%
2018 Manchester City
99%
2014 Manchester City
99%
2012 Manchester City
99%
2013 Manchester United
99%
2011 Manchester United
99%
2009 Manchester United
99%
2008 Manchester United
99%
2007 Manchester United
99%
2003 Manchester United
99%
2001 Manchester United
99%
2000 Manchester United
99%
1999 Manchester United
99%
1997 Manchester United
99%
1996 Manchester United
99%
1994 Manchester United
99%
1993 Manchester United
99%
2020 Liverpool
98%
2017 Chelsea
96%
2015 Chelsea
96%
2010 Chelsea
96%
2006 Chelsea
96%
2005 Chelsea
96%
2004 Arsenal
94%
2002 Arsenal
94%
1998 Arsenal
94%
2016 Leicester City
83%
1995 Blackburn
51%
Nie znaleziono quizów pasujących do podanych kryteriów
Rozkład punktacji
Procent ludzi z każdym wynikiem
Percentyl według liczby udzielonych odpowiedzi
Twoja historia wyników
Nie rozwiązałeś tego quizu od ostatniego zresetowania